[Event "US Open-88"]
[Site "Portland"]
[Date "1987.08.10"]
[Round "8"]
[White "Terrie, Henry L"]
[Black "Kort, William"]
[Result "1-0"]
[WhiteElo "2219"]
[BlackElo "2033"]
[PlyCount "85"]
[EventDate "1987.08.02"]
[EventType "swiss"]
[EventRounds "12"]
[EventCountry "USA"]
[SourceTitle "EXT 1997"]
[Source "ChessBase"]
[SourceDate "1996.11.15"]
[SourceVersion "1"]
[SourceVersionDate "1996.11.15"]
[SourceQuality "1"]

1. c4 e5 2. Nc3 Nf6 3. Nf3 d6 4. d4 exd4 5. Nxd4 g6 6. g3 Bg7 7. Bg2 0-0 8. 0-0 a5 9. b3 Nbd7 10. Bb2 Nc5 11. Qc2 Ng4 12. Rad1 Ne6 13. Nxe6 fxe6 14. h3 Nf6 15. e4 Nd7 16. f4 e5 17. Nd5 b6 18. Kh2 Bb7 19. Rd2 Bxd5 20. cxd5 Rc8 21. Rdf2 Qe7 22. f5 Bh6 23. fxg6 hxg6 24. Rxf8+ Nxf8 25. Bc1 Bxc1 26. Rxc1 Nd7 27. a3 Nb8 28. Qd2 c6 29. dxc6 Kg7 30. Qd5 Qc7 31. b4 axb4 32. axb4 Na6 33. Qb3 b5 34. h4 Qb6 35. Qe6 Qc7 36. Rf1 Rf8 37. Rxf8 Kxf8 38. Qf6+ Ke8 39. Qxg6+ Kd8 40. Qg8+ Ke7 41. h5 Qxc6 42. h6 Qc1 43. Qg7+ 1-0